| 000 | 00389nam a2200145Ia 4500 | ||
|---|---|---|---|
| 008 | 230917s9999||||xx |||||||||||||| ||und|| | ||
| 040 |
_e149923 _aMAIN |
||
| 041 | _aEnglish | ||
| 082 | _a491.217 A81H | ||
| 100 | _aAgrawal, Krishan Dev | ||
| 245 | 0 | _aHindi translation of Sanskrit inscriptions from Nepal | |
| 260 |
_aDelhi _bEastern Book Linkers _c1985 |
||
| 300 | _a136 p. | ||
| 942 | _cBK | ||
| 999 |
_c47065 _d47065 |
||